Suverénny Kolev (na ME vo vzpieraní)
| Format: | Article |
|---|---|
| Language: | Slovak |
| Subjects: |
MARC
| LEADER | 00000nab a2200000 a 4500 | ||
|---|---|---|---|
| 001 | vtls009156931 | ||
| 003 | SK-MaSNL | ||
| 005 | 20260303064402.0 | ||
| 008 | 060209 19740604xo 000 0 slo | ||
| 015 | |a SNBRB1974 | ||
| 040 | |a SNKBUCL |b slo |c SNKBUCL |e AACR2 | ||
| 041 | |a slo | ||
| 044 | |a xo |c SK | ||
| 080 | |a 796.88.093.1 |x (4) |2 2001 | ||
| 245 | 0 | 0 | |a Suverénny Kolev |b (na ME vo vzpieraní) |
| 611 | 2 | 7 | |a Majstrovstvá Európy vo vzpieraní |d (1974 : |c Verona, Taliansko) |2 snkbucl |9 1062983 |
| 650 | 0 | 7 | |a vzpieranie |2 snkbucl |9 3253 |
| 773 | 0 | |t Šport |g (4.6.1974), s. 1 | |
| 999 | |c 1746906 |d 1748836 | ||


